[Event "Mazowiecki Festiwal Szachowy - gr. A"]
[Site "Grodzisk Mazowiecki"]
[Date "2007.07.26"]
[Round "7"]
[White "Macieja, Bartlomiej"]
[Black "Szoen, Dariusz"]
[Result "1-0"]
[WhiteElo "2596"]
[BlackElo "2452"]

1. e4 e6 2. d4 d5 3. Nc3 Bb4 4. e5 c5 5. a3 Bxc3+ 6. bxc3 Qa5 7. Bd2 Qa4 8.
h4 Nc6 9. h5 cxd4 10. Nf3 f6 11. h6 g6 12. Rb1 dxc3 13. Bxc3 Qe4+ 14. Be2
fxe5 15. Rh4 Qf5 16. g4 Qf8 17. Nxe5 Nge7 18. Nxc6 bxc6 19. Bg7 1-0

[Event "Mazowiecki Festiwal Szachowy - gr. A"]
[Site "Grodzisk Mazowiecki"]
[Date "2007.07.26"]
[Round "7"]
[White "Urban, Klaudiusz"]
[Black "Malaniuk, Vladimir"]
[Result "1/2-1/2"]
[WhiteElo "2481"]
[BlackElo "2522"]

1. d4 f5 2. g3 Nf6 3. Bg2 g6 4. b3 Bg7 5. Bb2 O-O 6. Nf3 d6 7. O-O Qe8 8.
c4 Na6 9. d5 c6 10. Nc3 Bd7 11. Nd4 1/2-1/2

[Event "Mazowiecki Festiwal Szachowy - gr. A"]
[Site "Grodzisk Mazowiecki"]
[Date "2007.07.26"]
[Round "7"]
[White "Sulskis, Sarunas"]
[Black "Lagowski, Patryk"]
[Result "1-0"]
[WhiteElo "2537"]
[BlackElo "2335"]

1. e4 c5 2. Nf3 a6 3. c3 d5 4. exd5 Qxd5 5. d4 Nf6 6. dxc5 Qxc5 7. a4 Bg4
8. h3 Bh5 9. g4 Bg6 10. Bg2 Qc7 11. O-O Nc6 12. a5 Rd8 13. Qa4 Bxb1 14. Bf4
Qxa5 15. Qxc6+ bxc6 16. Rxa5 Be4 17. Ne5 Bxg2 18. Kxg2 c5 19. Rxa6 Nd5 20.
Bg3 g5 21. Nc6 Rc8 22. Rd1 e6 23. Be5 f6 24. Na7 Rd8 25. Rxe6+ Be7 26. Nc6
Nf4+ 27. Bxf4 Rxd1 28. Rxe7+ Kf8 29. Be3 c4 30. Bd4 h5 31. Bxf6 Rg8 32. Ne5
1-0

[Event "Mazowiecki Festiwal Szachowy - gr. A"]
[Site "Grodzisk Mazowiecki"]
[Date "2007.07.26"]
[Round "7"]
[White "Leniart, Arkadiusz"]
[Black "Socko, Monika"]
[Result "0-1"]
[WhiteElo "2357"]
[BlackElo "2479"]

1. e4 e6 2. d4 d5 3. Nc3 Bb4 4. e5 c5 5. Bd2 Nh6 6. Bxh6 gxh6 7. a3 Ba5 8.
dxc5 Bxc3+ 9. bxc3 Qa5 10. Qd2 Nd7 11. Nf3 Nxc5 12. c4 Qxd2+ 13. Nxd2 Bd7
14. Nb3 Rc8 15. cxd5 exd5 16. Nxc5 Rxc5 17. Bd3 O-O 18. Kd2 f6 19. exf6
Rxf6 20. f3 h5 21. Rhe1 Rf7 22. Re5 h4 23. Rg5+ Rg7 24. Rxg7+ Kxg7 25. Re1
Kf6 26. Bxh7 Ra5 27. Rb1 Bc6 28. Rb4 h3 29. g3 Rxa3 30. Bd3 Ra1 31. Rh4 d4
32. Rxh3 Bxf3 33. Be2 Bc6 34. Rh4 Ke5 35. Rh5+ Kd6 36. Rh6+ Kc5 37. Rh5+
Kb6 38. Rh4 Rh1 39. Rh6 a5 40. Bf3 Rg1 41. Kd3 a4 42. Bxc6 bxc6 43. Rh8 Kc5
44. c3 Rd1+ 45. Kc2 Rf1 46. cxd4+ Kc4 47. Rc8 a3 48. Rxc6+ Kb5 49. Rc5+ Kb4
50. Rc8 a2 51. Ra8 a1=Q 52. Rxa1 Rxa1 53. Kd3 Rg1 54. Ke4 Kc4 55. Kf5 Kd5
56. Kf6 Rg2 57. h4 Rxg3 58. h5 Rf3+ 59. Kg7 Rg3+ 60. Kf7 Rh3 61. Kg6 Ke6
62. d5+ Ke7 63. h6 Rg3+ 64. Kh7 Kf7 65. Kh8 Rg8+ 66. Kh7 Rd8 0-1

[Event "Mazowiecki Festiwal Szachowy - gr. A"]
[Site "Grodzisk Mazowiecki"]
[Date "2007.07.26"]
[Round "7"]
[White "Kuzmicz, Krystian"]
[Black "Szymanski, Andrzej"]
[Result "1/2-1/2"]
[WhiteElo "2418"]
[BlackElo "2251"]

1. g3 Nf6 2. Bg2 d5 3. c4 g6 4. cxd5 Nxd5 5. Nc3 Nxc3 6. bxc3 Bg7 7. Nf3
O-O 8. O-O c5 9. d4 Qa5 10. Qb3 Nd7 11. Rd1 Nb6 12. Qa3 Qa4 13. Re1 Qxa3
14. Bxa3 Na4 15. e3 Rb8 16. Nd2 b5 17. Nb3 b4 18. cxb4 cxb4 19. Bc1 e5 20.
Bd2 Rd8 21. Rac1 Be6 22. Rc7 Nc3 23. Na5 exd4 24. Nc6 Nb5 25. Nxb8 Nxc7 26.
Nc6 dxe3 27. Bxe3 Rd7 1/2-1/2

[Event "Mazowiecki Festiwal Szachowy - gr. A"]
[Site "Grodzisk Mazowiecki"]
[Date "2007.07.26"]
[Round "7"]
[White "Grabarczyk, Miroslaw"]
[Black "Staniszewski, Piotr"]
[Result "1/2-1/2"]
[WhiteElo "2482"]
[BlackElo "2402"]

1. d4 Nf6 2. Nf3 e6 3. g3 b5 4. Bg2 Bb7 5. O-O c5 6. c3 Be7 7. a4 b4 8.
cxb4 cxb4 9. Bg5 Nc6 10. Nbd2 Na5 11. Nb3 d6 12. Nfd2 Bxg2 13. Kxg2 O-O 14.
Rc1 Nxb3 15. Qxb3 Qb6 16. Qd3 Rfc8 17. Nb3 h6 18. Bd2 Qb7+ 19. f3 d5 20.
Bf4 a6 21. Rxc8+ Rxc8 22. Rc1 1/2-1/2

[Event "Mazowiecki Festiwal Szachowy - gr. A"]
[Site "Grodzisk Mazowiecki"]
[Date "2007.07.26"]
[Round "7"]
[White "Strzemiecki, Zbigniew"]
[Black "Szymanski, Marcin"]
[Result "0-1"]
[WhiteElo "2306"]
[BlackElo "2429"]

1. e4 e6 2. d4 d5 3. Nc3 Bb4 4. exd5 exd5 5. Bd3 Nc6 6. Ne2 Nge7 7. Bf4 Be6
8. Qd2 a6 9. f3 Qd7 10. O-O-O O-O-O 11. a3 Bd6 12. Bxd6 Qxd6 13. Na4 Bf5
14. Nc5 Rhe8 15. g3 g6 16. g4 Bxd3 17. Qxd3 Na5 18. b3 Nec6 19. Rde1 Re7
20. Qd2 b6 21. Nd3 Qxa3+ 22. Kd1 Rde8 23. h4 Qd6 24. Qh6 Qa3 25. Qd2 Re6
26. h5 Re3 27. Nec1 Rxe1+ 28. Rxe1 Rxe1+ 29. Nxe1 Qa1 30. c3 Nxb3 0-1

[Event "Mazowiecki Festiwal Szachowy - gr. A"]
[Site "Grodzisk Mazowiecki"]
[Date "2007.07.26"]
[Round "7"]
[White "Soloviova, Liza"]
[Black "Grabarczyk, Bogdan"]
[Result "1-0"]
[WhiteElo "2098"]
[BlackElo "2437"]

1. d4 g6 2. c4 Bg7 3. Nc3 c5 4. e3 Nf6 5. Nf3 cxd4 6. Nxd4 Nc6 7. Be2 O-O
8. O-O Nxd4 9. Qxd4 d6 10. Qh4 Be6 11. Rd1 Qc7 12. Bd2 Rfc8 13. Rac1 a6 14.
b3 Rab8 15. e4 Qc5 16. Be3 Qa3 17. Ba7 Ra8 18. Bd4 Qa5 19. g4 b5 20. g5 Nd7
21. Bxg7 Kxg7 22. Rd4 bxc4 23. bxc4 Rab8 24. Rc2 Ne5 25. Kg2 Nxc4 26. Nd5
Bxd5 27. Rxd5 Qa4 28. Rc3 Ne5 29. Qh6+ Kg8 30. Rh3 f5 31. gxf6 exf6 32.
Qxh7+ Kf8 33. Rxe5 dxe5 34. Qh8+ Ke7 35. Qg7+ Kd6 36. Qxf6+ Kc5 37. Rc3+
Kb4 38. Rb3+ Qxb3 39. axb3 a5 40. Qxe5 Ra8 41. Qb5+ Ka3 42. Qa4+ Kb2 43. e5
Kc3 44. e6 Rc7 45. Bb5 Re7 46. Bd7 Rg8 47. Qxa5+ 1-0

[Event "Mazowiecki Festiwal Szachowy - gr. A"]
[Site "Grodzisk Mazowiecki"]
[Date "2007.07.26"]
[Round "7.16"]
[White "Szwed, Jacek"]
[Black "Moskwinski, Tadeusz"]
[Result "0-1"]
[WhiteElo "2364"]
[BlackElo "2246"]
[PlyCount "90"]
[EventDate "2007.??.??"]

1. e4 e5 2. Nf3 Nf6 3. Nxe5 d6 4. Nf3 Nxe4 5. Nc3 Nxc3 6. dxc3 Nc6 7. Bf4 h6 8.
Bd3 Qf6 9. Be3 Bd7 10. Qe2 Be7 11. O-O-O O-O-O 12. Be4 a6 13. Kb1 Rhe8 14. Nd4
Ne5 15. f4 Ng4 16. Qf3 c6 17. Bg1 d5 18. Bd3 h5 19. Nb3 Bd6 20. h3 Nh6 21. g3
Nf5 22. Bf2 h4 23. g4 Ng3 24. Bxg3 hxg3 25. Rhf1 g5 26. Qxg3 gxf4 27. Qf2 Kb8
28. Bxa6 Bc8 29. Be2 Rh8 30. Rh1 Rh4 31. Qg2 Re8 32. Nd4 Re3 33. Nf3 Rh8 34.
Bd3 Qg7 35. Qf2 Bd7 36. Rde1 Rxe1+ 37. Qxe1 Qh6 38. Rh2 Re8 39. Qf1 Qg7 40. Rg2
f6 41. Bf5 Bxf5 42. gxf5 Qh7 43. Rg6 Qh5 44. Rxf6 Qxf3 45. Qc1 Bc5 0-1

[Event "Mazowiecki Festiwal Szachowy - gr. A"]
[Site "Grodzisk Mazowiecki"]
[Date "2007.07.26"]
[Round "7.17"]
[White "Lapinski, Krzysztof"]
[Black "Brzeski, Maciej"]
[Result "0-1"]
[WhiteElo "2175"]
[BlackElo "2356"]
[PlyCount "60"]
[EventDate "2007.??.??"]

1. e4 e5 2. Nf3 Nc6 3. Bb5 Nf6 4. O-O Nxe4 5. d4 Nd6 6. Bxc6 dxc6 7. dxe5 Nf5
8. Qxd8+ Kxd8 9. Nbd2 h6 10. b3 b6 11. Bb2 c5 12. Ne4 Be6 13. Rad1+ Kc8 14. h3
Kb7 15. c4 Ne7 16. Nc3 g5 17. Nd5 Ng6 18. Nf6 Nf4 19. Nd2 Rd8 20. Nde4 Bg7 21.
Kh1 Bf5 22. Bc3 Nd3 23. f3 Bxf6 24. exf6 Bxe4 25. fxe4 Nf2+ 26. Rxf2 Rxd1+ 27.
Kh2 Rd3 28. Rc2 Re8 29. e5 Kc6 30. Bb2 Kd7 0-1

[Event "Mazowiecki Festiwal Szachowy - gr. A"]
[Site "Grodzisk Mazowiecki"]
[Date "2007.07.26"]
[Round "7.19"]
[White "Deszczynski, Adam"]
[Black "Kludacz, Magdalena"]
[Result "1-0"]
[WhiteElo "2351"]
[BlackElo "2244"]
[PlyCount "71"]
[EventDate "2007.??.??"]

1. e4 e5 2. Nf3 Nc6 3. Bc4 Bc5 4. d3 Nf6 5. Bb3 O-O 6. O-O a6 7. c3 Ba7 8. Nbd2
d6 9. h3 Be6 10. Re1 Qd7 11. Nf1 Rfe8 12. Ng3 h6 13. Nh2 d5 14. Qf3 dxe4 15.
dxe4 Bxb3 16. axb3 Qe6 17. b4 Ne7 18. Ng4 Nxg4 19. hxg4 f6 20. Nf5 Red8 21. g3
c6 22. Kg2 Rd7 23. Rh1 Rad8 24. Bxh6 gxh6 25. Rxh6 Rd2 26. Rah1 Kf8 27. Nd4 Qa2
28. Qxf6+ Ke8 29. Rh8+ Kd7 30. Rxd8+ Kxd8 31. Qd6+ Ke8 32. Rh8+ Ng8 33. Qxe5+
Kd8 34. Qg5+ Kc7 35. Rh7+ Kc8 36. Qf5+ 1-0

[Event "Mazowiecki Festiwal Szachowy - gr. A"]
[Site "Grodzisk Mazowiecki"]
[Date "2007.07.26"]
[Round "7.20"]
[White "Yaremko, Nazar"]
[Black "Janczarski, Michal"]
[Result "1-0"]
[WhiteElo "2351"]
[BlackElo "2088"]
[PlyCount "77"]
[EventDate "2007.??.??"]

1. Nf3 g6 2. g3 Bg7 3. Bg2 d6 4. O-O Nf6 5. c4 e5 6. d3 O-O 7. Nc3 Nc6 8. Rb1
a5 9. Bg5 h6 10. Bxf6 Bxf6 11. a3 Bg7 12. b4 axb4 13. axb4 Be6 14. Ne1 Qc8 15.
Nd5 Kh8 16. Nc2 Bxd5 17. Bxd5 Ne7 18. Bg2 c6 19. b5 f5 20. Qd2 Qc7 21. b6 Qd8
22. Qb4 Ra6 23. c5 dxc5 24. Qxc5 Bf6 25. Rfd1 Qd7 26. d4 e4 27. f3 exf3 28.
Bxf3 Rfa8 29. Nb4 Ra5 30. Qc4 Qd8 31. d5 c5 32. Nc6 bxc6 33. dxc6 Ra1 34. c7
Qxd1+ 35. Rxd1 Rxd1+ 36. Kg2 Rf8 37. b7 Rb1 38. Qxc5 Rb3 39. c8=Q 1-0

[Event "Mazowiecki Festiwal Szachowy - gr. A"]
[Site "Grodzisk Mazowiecki"]
[Date "2007.07.26"]
[Round "7.21"]
[White "Skalski, Michal"]
[Black "Matuszewski, Michal"]
[Result "1-0"]
[WhiteElo "2330"]
[BlackElo "2144"]
[PlyCount "139"]
[EventDate "2007.??.??"]

1. Nf3 e6 2. d4 Nf6 3. c4 Bb4+ 4. Nbd2 b6 5. a3 Bxd2+ 6. Bxd2 Bb7 7. Bg5 d6 8.
e3 Nbd7 9. Bd3 c5 10. O-O O-O 11. Re1 Rc8 12. Rc1 Qe7 13. e4 h6 14. Bh4 e5 15.
d5 Rfe8 16. Nd2 g5 17. Bg3 Nf8 18. Nf1 Rcd8 19. Ne3 Bc8 20. b4 Bd7 21. f3 Ng6
22. Bc2 Nh5 23. Ba4 Kh7 24. Nf5 Qf6 25. Bxd7 Rxd7 26. Qa4 Red8 27. bxc5 bxc5
28. Rb1 Ne7 29. Ne3 Nc8 30. Qa6 Ng7 31. Rb7 Qe7 32. Rb5 h5 33. Reb1 Rf8 34. Rb8
Nb6 35. Rxf8 Qxf8 36. a4 f5 37. a5 f4 38. axb6 axb6 39. Nf1 fxg3 40. hxg3 g4
41. Kf2 h4 42. gxh4 Qf6 43. Qc8 Qe7 44. Ra1 gxf3 45. g3 Ra7 46. Rxa7 Qxa7 47.
Kxf3 Qf7+ 48. Ke2 Qh5+ 49. Kf2 Qf7+ 50. Kg2 Qg6 51. Nd2 Nh5 52. Qf5 Nf6 53. Kf3
Ne8 54. g4 Kg7 55. g5 Qh5+ 56. Qg4 Kg6 57. Nf1 Nc7 58. Ng3 Qxg4+ 59. Kxg4 b5
60. h5+ Kh7 61. g6+ Kg8 62. cxb5 Nxb5 63. h6 c4 64. h7+ Kh8 65. Kg5 Nc7 66. Kf6
Ne8+ 67. Ke7 Ng7 68. Kxd6 c3 69. Kxe5 c2 70. Ne2 1-0

[Event "Mazowiecki Festiwal Szachowy - gr. A"]
[Site "Grodzisk Mazowiecki"]
[Date "2007.07.26"]
[Round "7.22"]
[White "Winski, Lukasz"]
[Black "Kukawski, Maciej"]
[Result "1-0"]
[WhiteElo "2004"]
[BlackElo "2251"]
[PlyCount "97"]
[EventDate "2007.??.??"]

1. e4 e5 2. Nf3 Nc6 3. Bb5 a6 4. Ba4 Nf6 5. O-O Be7 6. Re1 b5 7. Bb3 d6 8. h3
O-O 9. c3 Na5 10. Bc2 c5 11. d4 Nd7 12. Nbd2 exd4 13. cxd4 Nc6 14. d5 Nce5 15.
Nxe5 Nxe5 16. f4 Ng6 17. Nf3 f5 18. e5 Bb7 19. e6 Ra7 20. a4 Qa8 21. axb5 axb5
22. Rxa7 Qxa7 23. b4 c4+ 24. Kh2 Qa8 25. Nd4 Bxd5 26. Nxf5 Re8 27. Nxg7 Kxg7
28. Bb2+ Kh6 29. g4 Bf3 30. Qd4 Rg8 31. Bc1 Qd5 32. f5+ Bg5 33. Bxg5+ Kxg5 34.
Qe3+ Nf4 35. Kg3 Qe5 36. h4+ Kf6 37. g5+ Ke7 38. Qxe5 dxe5 39. Kxf3 Nd5 40.
Rxe5 Nxb4 41. Be4 Rb8 42. f6+ Kd6 43. Kf4 Nd3+ 44. Bxd3 cxd3 45. e7 d2 46. f7
d1=Q 47. e8=Q Qd2+ 48. Re3 Qd4+ 49. Kg3 1-0

[Event "Mazowiecki Festiwal Szachowy - gr. A"]
[Site "Grodzisk Mazowiecki"]
[Date "2007.07.26"]
[Round "7.23"]
[White "Przezdziecka, Marta"]
[Black "Witek, Tomasz"]
[Result "1-0"]
[WhiteElo "2315"]
[BlackElo "2105"]
[PlyCount "97"]
[EventDate "2007.??.??"]

1. d4 Nf6 2. Nf3 g6 3. g3 Bg7 4. Bg2 d6 5. O-O O-O 6. a4 c6 7. a5 Qc7 8. Re1 e5
9. e4 Re8 10. Nc3 Na6 11. h3 Bd7 12. Be3 b5 13. axb6 axb6 14. Bf1 b5 15. d5 Qb7
16. Bg5 c5 17. Nh2 h6 18. Bxf6 Bxf6 19. Ng4 Bg7 20. Qe2 c4 21. Na2 f5 22. Ne3
Nc5 23. exf5 gxf5 24. Qh5 Rf8 25. Nb4 Be8 26. Qe2 Bg6 27. Nc6 Qf7 28. Ng2 Ne4
29. Kh2 f4 30. Rxa8 Rxa8 31. gxf4 Re8 32. f3 exf4 33. fxe4 f3 34. Qd2 fxg2 35.
Bxg2 Kh7 36. c3 Bf6 37. Nd4 Be5+ 38. Kh1 Qf6 39. Rf1 Qh4 40. Nf3 Qg3 41. Nxe5
Rxe5 42. Qd4 Rg5 43. Qa7+ Kg8 44. Qb8+ Kh7 45. Qc7+ Bf7 46. Qxf7+ Rg7 47. Qf5+
Kh8 48. Qf3 Qe5 49. Qf8+ 1-0

[Event "Mazowiecki Festiwal Szachowy - gr. A"]
[Site "Grodzisk Mazowiecki"]
[Date "2007.07.26"]
[Round "7.24"]
[White "Sliwerski, Radoslaw"]
[Black "Nguyen, Piotr"]
[Result "1-0"]
[WhiteElo "2139"]
[BlackElo "2283"]
[PlyCount "65"]
[EventDate "2007.??.??"]

1. d4 e6 2. c4 b6 3. Nc3 Bb7 4. e4 Bb4 5. f3 f5 6. exf5 Nh6 7. fxe6 Nf5 8. Bf4
dxe6 9. Nge2 O-O 10. Qd2 Qh4+ 11. g3 Qh5 12. Bg2 Bxf3 13. Bxf3 Qxf3 14. O-O-O
Nc6 15. Rdf1 Qh5 16. d5 Na5 17. b3 exd5 18. Qxd5+ Kh8 19. Qf3 Qg6 20. Kb2 Nd6
21. Qd5 c6 22. Qg5 Qe6 23. Bc1 Naxc4+ 24. bxc4 Rxf1 25. Rxf1 h6 26. Qh4 Re8 27.
Ka1 Nxc4 28. Bb2 Be7 29. Qh5 Qc8 30. Nf4 Kg8 31. Ne6 Qxe6 32. Qxe8+ Kh7 33. Rf8
1-0

[Event "Mazowiecki Festiwal Szachowy - gr. A"]
[Site "Grodzisk Mazowiecki"]
[Date "2007.07.26"]
[Round "7.26"]
[White "Olszewski, Michal"]
[Black "Ostrowski, Pawel"]
[Result "1-0"]
[WhiteElo "2409"]
[BlackElo "2058"]
[PlyCount "77"]
[EventDate "2007.??.??"]

1. e4 e5 2. Nf3 d6 3. d4 exd4 4. Nxd4 Nf6 5. Nc3 Be7 6. g3 d5 7. e5 Ne4 8. Nxe4
dxe4 9. Bg2 Qd5 10. O-O Nc6 11. Nxc6 Qxc6 12. Qe2 Bf5 13. Re1 O-O-O 14. Bf4 g5
15. Be3 Kb8 16. a4 h5 17. c3 Qe6 18. Qc2 h4 19. Rad1 hxg3 20. fxg3 Rxd1 21.
Rxd1 Qxe5 22. Qf2 c5 23. b4 Rc8 24. h4 Bg4 25. Re1 f5 26. hxg5 Qxc3 27. b5 Ka8
28. Rc1 Qa3 29. g6 Rg8 30. Re1 Rxg6 31. Bxe4 Bd6 32. Bg2 Qxa4 33. Qb2 Qc4 34.
b6 a6 35. Bf2 Qf7 36. Qa3 Kb8 37. Bxc5 Qd7 38. Bxd6+ Rxd6 39. Qxd6+ 1-0

[Event "Mazowiecki Festiwal Szachowy - gr. A"]
[Site "Grodzisk Mazowiecki"]
[Date "2007.07.26"]
[Round "7.27"]
[White "Przybyla, Kamil"]
[Black "Nurkiewicz, Maciej"]
[Result "0-1"]
[WhiteElo "2035"]
[BlackElo "2411"]
[PlyCount "48"]
[EventDate "2007.??.??"]

1. e4 e5 2. Nf3 Nc6 3. Bb5 a6 4. Ba4 Nf6 5. d4 exd4 6. O-O Be7 7. Re1 b5 8. e5
Nxe5 9. Rxe5 bxa4 10. Nxd4 O-O 11. Bg5 Nd5 12. h4 c6 13. Nf5 Bxg5 14. hxg5 d6
15. Rxd5 cxd5 16. Qxd5 Be6 17. Qd3 Qxg5 18. Ne3 Rab8 19. Nc3 Rxb2 20. Ne4 Qe5
21. Nxd6 Rb6 22. Rd1 Rd8 23. Nxf7 Rxd3 24. Nxe5 Rxd1+ 0-1

[Event "Mazowiecki Festiwal Szachowy - gr. A"]
[Site "Grodzisk Mazowiecki"]
[Date "2007.07.26"]
[Round "7.28"]
[White "Roszkowski, Rafal"]
[Black "Alvarado, Carlos"]
[Result "1/2-1/2"]
[WhiteElo "2114"]
[BlackElo "2191"]
[PlyCount "29"]
[EventDate "2007.??.??"]

1. e4 c5 2. Nc3 Nc6 3. f4 g6 4. Nf3 Bg7 5. Bb5 Nd4 6. Nxd4 cxd4 7. Ne2 a6 8.
Bd3 d6 9. O-O Nf6 10. Kh1 O-O 11. Nxd4 Nxe4 12. Bxe4 Bxd4 13. c3 Bg7 14. Qf3
Rb8 15. d4 1/2-1/2

[Event "Mazowiecki Festiwal Szachowy - gr. A"]
[Site "Grodzisk Mazowiecki"]
[Date "2007.07.26"]
[Round "7.29"]
[White "Tokarski, Lukasz"]
[Black "Brudzinski, Maciej"]
[Result "1-0"]
[WhiteElo "2168"]
[BlackElo "2114"]
[PlyCount "93"]
[EventDate "2007.??.??"]

1. e4 c5 2. Nf3 d5 3. exd5 Nf6 4. c4 g6 5. d4 Bg7 6. Nc3 cxd4 7. Nxd4 O-O 8.
Be2 Nbd7 9. O-O a6 10. Bf4 Qb6 11. Nb3 Re8 12. Rc1 h5 13. h3 e5 14. c5 Qb4 15.
Be3 Nf8 16. g3 Ne4 17. Nb1 b5 18. Kh2 h4 19. g4 f5 20. a3 Qa4 21. gxf5 Bxf5 22.
f3 Ng3 23. Nc3 Nxe2 24. Nxa4 Nxc1 25. Nb6 Nxb3 26. Nxa8 Nd4 27. Nc7 Rd8 28. Bg5
Rd7 29. d6 Nfe6 30. Nxe6 Bxe6 31. Be7 Kf7 32. Bxh4 Nf5 33. Qe1 Bh6 34. Bg3 Nxg3
35. Kxg3 Bf4+ 36. Kf2 Kf6 37. Qa5 Rh7 38. Qd8+ Kf5 39. Rg1 e4 40. fxe4+ Kxe4
41. Re1+ Kf5 42. c6 Rf7 43. Rxe6 Kxe6 44. Qe8+ Kf6 45. Qxf7+ Kxf7 46. c7 Bxd6
47. c8=Q 1-0

[Event "Mazowiecki Festiwal Szachowy - gr. A"]
[Site "Grodzisk Mazowiecki"]
[Date "2007.07.26"]
[Round "7.30"]
[White "Jensen, Christine"]
[Black "Llaneza Vega, Victor"]
[Result "1/2-1/2"]
[WhiteElo "2018"]
[BlackElo "2020"]
[PlyCount "41"]
[EventDate "2007.??.??"]

1. d4 f5 2. g3 Nf6 3. Nf3 d6 4. Bg2 g6 5. c3 c6 6. Qb3 Qb6 7. Nbd2 Qxb3 8. axb3
Bg7 9. h4 O-O 10. Ng5 Na6 11. e4 Nc7 12. b4 a6 13. Nc4 h6 14. e5 dxe5 15. dxe5
Ng4 16. Nh3 Be6 17. Na5 Bd5 18. Bxd5+ Nxd5 19. f4 Rab8 20. Nf2 Rfc8 21. Nxg4
1/2-1/2

[Event "Mazowiecki Festiwal Szachowy - gr. A"]
[Site "Grodzisk Mazowiecki"]
[Date "2007.07.26"]
[Round "7.31"]
[White "Jedryczka, Krystian"]
[Black "Przezdziecka, Ewa"]
[Result "1/2-1/2"]
[WhiteElo "2299"]
[BlackElo "2147"]
[PlyCount "38"]
[EventDate "2007.??.??"]

1. c4 Nf6 2. e3 g6 3. b3 Bg7 4. Bb2 O-O 5. Nf3 c5 6. d4 cxd4 7. exd4 d5 8. Nbd2
Nc6 9. Be2 dxc4 10. bxc4 Nh5 11. Nb3 Nf4 12. O-O a5 13. h3 a4 14. Nc1 Ne6 15.
Ba3 Ncxd4 16. Rb1 Qc7 17. Bd3 Nxf3+ 18. Qxf3 Nc5 19. Qg3 Qd7 1/2-1/2

[Event "Mazowiecki Festiwal Szachowy - gr. A"]
[Site "Grodzisk Mazowiecki"]
[Date "2007.07.26"]
[Round "7.32"]
[White "Krasiewicz, Robert"]
[Black "Tokarski, Bartosz"]
[Result "0-1"]
[WhiteElo "2042"]
[BlackElo "2100"]
[PlyCount "75"]
[EventDate "2007.??.??"]

1. Nf3 Nf6 2. g3 g6 3. Bg2 Bg7 4. O-O O-O 5. d4 d6 6. c4 Nc6 7. Nc3 Bg4 8. h3
Bxf3 9. Bxf3 Nd7 10. e3 e5 11. d5 Ne7 12. Bd2 f5 13. b4 e4 14. Be2 g5 15. Rc1
a6 16. g4 Nf6 17. Qc2 Qd7 18. f3 exf3 19. Rxf3 fxg4 20. Rxf6 Bxf6 21. Bxg4 Qe8
22. Ne4 Ng6 23. Be6+ Kg7 24. c5 Be5 25. cxd6 cxd6 26. Qc7+ Kh6 27. Nxd6 Bxd6
28. Qxd6 Rd8 29. Qc7 Nh4 30. Bc3 Qg6 31. Qxb7 Nf3+ 32. Kh1 Nh4 33. Kg1 Nf3+ 34.
Kh1 Qe4 35. Qg7+ Kh5 36. Bg4+ Kh4 37. Qh6+ Kg3 38. Qxh7 0-1

[Event "Mazowiecki Festiwal Szachowy - gr. A"]
[Site "Grodzisk Mazowiecki"]
[Date "2007.07.26"]
[Round "7.33"]
[White "Staroszczyk, Mateusz"]
[Black "Sobierska, Wioletta"]
[Result "1-0"]
[WhiteElo "2050"]
[BlackElo "2012"]
[PlyCount "63"]
[EventDate "2007.??.??"]

1. d4 f5 2. e4 fxe4 3. Nc3 Nf6 4. Bg5 Nc6 5. d5 Ne5 6. Qd4 Nf7 7. Bxf6 exf6 8.
Nxe4 Be7 9. O-O-O d6 10. f4 O-O 11. Nf3 c6 12. h3 f5 13. Nc3 Bf6 14. Qd3 Qa5
15. Nd4 Bd7 16. g4 c5 17. Ne6 Rfe8 18. gxf5 Qb4 19. a3 Qa5 20. Ne4 Bh4 21. Rg1
Bxe6 22. fxe6 Nh6 23. Nxd6 Re7 24. Nc4 Qa4 25. d6 Rxe6 26. Qd5 Qe8 27. f5 Nxf5
28. Qxf5 b5 29. d7 Qe7 30. d8=Q+ Rxd8 31. Rxd8+ Qxd8 32. Qxe6+ 1-0

[Event "Mazowiecki Festiwal Szachowy - gr. A"]
[Site "Grodzisk Mazowiecki"]
[Date "2007.07.26"]
[Round "7.34"]
[White "Pekacki, Stanislaw"]
[Black "Llaneza Vega, Juan Alberto"]
[Result "0-1"]
[WhiteElo "2079"]
[BlackElo "2012"]
[PlyCount "76"]
[EventDate "2007.??.??"]

1. e4 c5 2. Nf3 Nc6 3. d3 e6 4. g3 d5 5. e5 Nge7 6. Bg2 Ng6 7. Qe2 Qc7 8. Bf4
Be7 9. O-O f6 10. Nc3 Ncxe5 11. Nxe5 fxe5 12. Bd2 O-O 13. Nb5 Qb6 14. c4 d4 15.
a4 a6 16. a5 Qd8 17. Na3 Qc7 18. Be4 Bd6 19. Qh5 Rf5 20. Bxf5 exf5 21. Nc2 Bd7
22. Ne1 Rf8 23. Nf3 Ne7 24. Bg5 Be8 25. Qh3 Ng6 26. Rae1 Bc6 27. Qh5 Qxa5 28.
Nd2 Be8 29. Qh3 h6 30. Bxh6 gxh6 31. Qxh6 Qc7 32. f4 Qg7 33. Qxg7+ Kxg7 34. Nf3
exf4 35. Re6 Bb8 36. gxf4 Bd7 37. Rxg6+ Kxg6 38. Ne5+ Bxe5 0-1